|
|
|
|
| LEADER |
01296nam a2200301 a 4500 |
| 001 |
2961981 |
| 008 |
091019s1993 enka b 001 0 eng d |
| 010 |
|
|
|a 91041487
|
| 020 |
|
|
|a 984051203X
|
| 020 |
|
|
|a 0198283962
|
| 040 |
|
|
|a DLC
|c DLC
|d DLC
|
| 082 |
0 |
0 |
|a 363.8
|2 20
|
| 245 |
0 |
0 |
|a Nutrition and poverty /
|c edited by S.R. Osmani.
|
| 260 |
|
|
|a Oxford ;
|a New York, NY :
|b Clarendon Press, ;
|a Dhaka :
|b University Press,
|c 1993.
|
| 300 |
|
|
|a xiv, 366 p. :
|b ill. ;
|c 25 cm.
|
| 490 |
|
0 |
|a Studies in development economics
|
| 500 |
|
|
|a "A study prepared for the World Insitute for Development Economics Research (WIDER) of the United Nations University."
|
| 504 |
|
|
|a Includes bibliographical references (p. 322-355) and indexes.
|
| 541 |
1 |
|
|e 00006194
|
| 650 |
|
0 |
|a Malnutrition
|x Social aspects.
|
| 650 |
|
0 |
|a Nutrition
|x Evaluation.
|
| 650 |
|
0 |
|a Nutrition surveys.
|
| 650 |
|
0 |
|a Poor
|x Nutrition.
|
| 700 |
1 |
|
|a Osmani, Siddiqur Rahman.
|
| 710 |
2 |
|
|a World Institute for Development Economics Research.
|
| 852 |
4 |
|
|a Ayesha Abed Library
|j General Shelf
|
| 999 |
|
|
|c 5061
|d 5061
|
| 952 |
|
|
|0 0
|1 0
|2 ddc
|4 0
|6 363_800000000000000_NUT_1993
|7 0
|9 4900
|a BRACUL
|b BRACUL
|c GEN
|d 2009-11-03
|g 0.00
|l 2
|m 57
|o 363.8 NUT
|p 3010006194
|r 2018-12-13
|s 2018-04-24
|t 1
|w 2009-11-03
|y BK
|x No price found in the accession register.
|